High-pressure fluid phase equilibria : phenomenology and computation /

High pressures play a more and more important role in modern technology. Examples are the supercritical fluid extraction of medical drugs and dyes from biological material, the handling of compressed or liquefied gases (including natural gas or hydrogen), the operation of modern thermal power plants...

Full description

Bibliographic Details
Main Authors: Deiters, Ulrich K. (Author), Kraska, Thomas, 1964- (Author)
Corporate Author: ScienceDirect (Online service)
Format: eBook
Language:English
Published: Amsterdam : Elsevier, [2024]
Edition:Second edition.
Series:Supercritical fluid science and technology ; 2.
Subjects:
Online Access:Connect to the full text of this electronic book

MARC

Tag First Indicator Second Indicator Subfields
LEADER 00000cam a2200000 i 4500
001 in00005772902
005 20260327175529.9
006 m o d
007 cr |||||||||||
008 231107t20242024ne a fob 001 0 eng d
040 |a UKAHL  |b eng  |e rda  |e pn  |c UKAHL  |d OCLCO  |d OPELS  |d WAU  |d OCLCO  |d OCLCL 
020 |a 044313281X 
020 |a 9780443132810  |z 9780443132803 (pbk.) :  |q (e-book) 
035 |a (OCoLC)1420165269 
050 4 |a QC318.T47 
082 0 4 |a 547 
049 |a TXAM 
100 1 |a Deiters, Ulrich K.,  |e author. 
245 1 0 |a High-pressure fluid phase equilibria :  |b phenomenology and computation /  |c Ulrich K. Deiters and Thomas Kraska. 
250 |a Second edition. 
264 1 |a Amsterdam :  |b Elsevier,  |c [2024] 
264 4 |c ©2024 
300 |a 1 online resource (xx, 454 pages) :  |b illustrations. 
336 |a text  |b txt  |2 rdacontent 
337 |a computer  |b c  |2 rdamedia 
338 |a online resource  |b cr  |2 rdacarrier 
490 1 |a Supercritical Fluid Science and Technology ;  |v 2 
504 |a Includes bibliographical references and index 
520 |a High pressures play a more and more important role in modern technology. Examples are the supercritical fluid extraction of medical drugs and dyes from biological material, the handling of compressed or liquefied gases (including natural gas or hydrogen), the operation of modern thermal power plants, and various technical processes for controlled particle formation. High-Pressure Fluid Phase Equilibria, Second Edition enables understanding of the complicated phase behavior that fluid or fluid mixtures (liquids, gases, or supercritical phases) can exhibit at elevated pressures. The underlying thermodynamic equations are explained, and robust algorithms for the computation of such equilibria (including solid-fluid equilibria) are proposed. Since the publication of the first edition of this book, there have been many new developments, for instance, differential equation methods for the computation of phase equilibria, accurate numerical differentiation, and high-precision equations of state (e.g., the GERG model). Moreover, more detail and explanation has been added on important topics that were only briefly examined in the original book to better assist the reader, such as expansion processes and chemical reactions). The book remains invaluable as a single resource for grasping the intricacies of fluid phase behavior. It enables the readers to write or improve their own computer programs for the calculation of phase equilibria. It will appeal to graduate students of chemical engineering and university research staff involved in chemical engineering of supercritical fluids or the physical chemistry of fluids; the book can also serve as the basis of lectures or advanced students' seminars. 
588 |a Description based on online resource; title from PDF title page (ProQuest Ebook Central, viewed April 30, 2024). 
650 0 |a Thermodynamic equilibrium. 
650 0 |a Fluid dynamics. 
650 0 |a Phenomenology. 
650 6 |a Équilibre thermodynamique. 
650 6 |a Dynamique des fluides. 
650 6 |a Phénoménologie. 
650 7 |a phenomenology.  |2 aat 
655 7 |a Electronic books.  |2 local 
700 1 |a Kraska, Thomas,  |d 1964-  |e author. 
710 2 |a ScienceDirect (Online service) 
776 0 8 |i Print version:  |a Deiters, Ulrich K.  |t High-pressure fluid phase equilibria.  |b Second edition.  |d Amsterdam, Netherlands ; Cambridge, MA : Elsevier, [2024]  |z 9780443132803  |w (OCoLC)1381173598 
830 0 |a Supercritical fluid science and technology ;  |v 2. 
856 4 0 |u http://proxy.library.tamu.edu/login?url=https://www.sciencedirect.com/science/book/9780443132803  |z Connect to the full text of this electronic book  |t 0 
955 |a Elsevier ScienceDirect 2026-2027 
994 |a 92  |b TXA 
999 f f |i 5b92616e-24ea-498b-9117-3b388866ed9c  |s 28da2c40-bf54-4d59-9035-4b9bdb2dd42c  |t 0 
952 f f |a Texas A&M University  |b College Station  |c Electronic Resources  |s www_evans  |d Available Online  |t 0  |e QC318.T47   |h Library of Congress classification 
998 f f |a QC318.T47   |t 0  |l Available Online